00454nmm a2200157Ia 4500008004100000020001800041041000800059100002100067245002500088264008000113300001600193650001200209856005100221942000700272999001700279251105s9999||||xx |||||||||||||||||und|| a9788468728315 aspa aRogers, Rosemary 0aTiempo de traiciones a[Madrid, España] :bHarlequin, c[Fecha de publicación no identificada] a0 páginas aRomance uhttps://public.digitaliapublishing.com/a/92005 cCF c83998d83998